| 000 -LEADER |
| fixed length control field |
00845nam a22001337a 4500 |
| 040 ## - CATALOGING SOURCE |
| Transcribing agency |
RUA |
| 082 ## - DEWEY DECIMAL CLASSIFICATION NUMBER |
| Classification number |
AGR LAY 2012 B052 Or.1 |
| 100 ## - MAIN ENTRY--AUTHOR NAME |
| Personal name |
LAY SOPEARY |
| 245 ## - TITLE STATEMENT |
| Title |
Effect of weed control methods on IR66 rice variet under dry season condition in osaray commune, tram kok district, takeo province,(ប្រសិទ្ធភាព នៃវិធីសាស្រ្តកំចាត់រុក្ខជាតិចង្រៃលើដំណាំស្រូវអ៊ីអ៊ែរ៦៦ លក្ខខណ្ឌរដូវប្រាំង នៅឃុំអូរសារាយ ស្រុកត្រំាកក់ ខេត្តតាកែវ) |
| 260 ## - PUBLICATION, DISTRIBUTION, ETC. (IMPRINT) |
| Place of publication |
phnom penh |
| Name of publisher |
RUA |
| Year of publication |
2012 |
| 300 ## - PHYSICAL DESCRIPTION |
| Number of Pages |
xi, 56p. |
| Dimensions |
ill. |
| 856 ## - ELECTRONIC LOCATION AND ACCESS |
| Uniform Resource Identifier |
https://drive.google.com/file/d/1us-CSmAE7RxNRR7VjuuQOBhV1P2WUuLc/view?usp=sharing |
| 942 ## - ADDED ENTRY ELEMENTS (KOHA) |
| Koha item type |
AGR |
| 952 ## - LOCATION AND ITEM INFORMATION (KOHA) |
| Withdrawn status [LOCAL, KOHA] |
0 |
| 952 ## - LOCATION AND ITEM INFORMATION (KOHA) |
| Withdrawn status [LOCAL, KOHA] |
0 |
| 952 ## - LOCATION AND ITEM INFORMATION (KOHA) |
| Withdrawn status [LOCAL, KOHA] |
0 |